| 000 | 01879cam a22002895a 4500 | ||
|---|---|---|---|
| 001 | L145125 | ||
| 002 | 17344 | ||
| 008 | 080909s2008 xxk klf 000 0 eng d | ||
| 020 | _a9781842194102 | ||
| 035 | _a(Sirsi) u145125 | ||
| 041 | 0 | _aeng | |
| 050 | 0 | 4 | _a346.4104344 $2 22 |
| 100 | 1 | _aLoveday, Mark | |
| 245 | 0 | 0 |
_aRent review, arbitration and third party determination _ba surveyor's handbook |
| 260 |
_aCoventry _bRICS _c2008 |
||
| 300 |
_axxiv, 384p. _c24cm. |
||
| 350 | _a45 | ||
| 505 | 2 | _aAccepting the instruction -- The physical evidence, the property -- The legal evidence, the lease -- The market evidence-comparables -- Arriving at a rental value -- The machinery of rent review -- Time limits -- Negotiations and settlements -- Reference to a third party -- Arbitration -- Correcting and challenging an arbitration award -- Expert determination -- After the review -- Appendices | |
| 520 | _aProvides practical guidance to suryeyors on how to deal with the rent review process, highlighting the steps which need to be taken. Using a practical, workflow approach, takes the surveyor through each stage of the rent review: from consideration of the valuation to the conclusion of the review by negotiation or third party determination. Gives expert guidance throughout, using both examples and references to relevant case law, and identifies possible pitfalls, thus allowing them to be avoided. Appendices include Chapter 23 of The Arbitration Act 1996, RICS Practice statements and guidance notes as well as a number of Specimen/draft letters and forms to provide practical help for the practitioner. Includes case summaries. | ||
| 521 | _aAdvanced | ||
| 590 | _aKA | ||
| 651 | 4 |
_aEngland and Wales _y1543- |
|
| 690 | _aPROPERTY-LANDLORD AND TENANT-TENANCIES-TENANCY RENT REVIEW | ||
| 700 | 1 | _aGuest, Andy | |
| 700 | 1 | _aRainey, Philip | |
| 942 | _n0 | ||
| 999 |
_c108696 _d108696 |
||